zpět

Detail výsledku týmu

U Paňáka, Strakonice

Datum a čas kvízu

34.5 Celkem bodů Celkový počet nahraných bodů na tomto kvízu bez doplňovacích otázek.
3. Pořadí na kvízu Konečné umístění týmu na tomto kvízu.

Zaznamenané odpovědi

# Otázka Odpověď Body Výsledky
1. Jedna česká politička se pochl... Alena Schillerová, lev 1
2. Bezpečnostní složky na kosmodr... raketoplán Buran 0.5
3. V sobotu se konalo finále 69.... Švýcarsko, Adam Pavlovčin (Adonxs) 1
4. Netradiční způsob přivítání zv... Albánie 0
5. Jak se jmenuje trenér, který p... Luboš Loučka 0
6. Podíváme se na pět reklam, z n... sázení (sázková kancelář, hazard) 0
7. Pro který produkt byla vytvoře... kondomy 0
8. Spot je z roku 2014. Rada pro... T-Mobile 1
9. Tato televizní reklama na Fido... B) hodí panenku na kapotu a posádku omráčí airbagy 1
10. Režisér Jakub Kohák natočil te... BESIP 1